Statistics for 19 Countries with Shortest Coastlines

Click here to take the quiz!

General Stats

  • This quiz has been taken 403 times
    (275 since last reset)
  • The average score is 10 of 19

Answer Stats

LengthCountry% Correct
3kmMonaco
89%
8kmBosnia and Herzegovina
77%
22kmSlovenia
71%
236kmDjibouti
64%
50kmTogo
62%
65kmBelgium
61%
40kmDemocratic Republic of the Congo
61%
121kmBenin
60%
93kmMontenegro
59%
189kmLebanon
58%
20kmJordan
56%
161kmBrunei
53%
32kmIraq
53%
176kmIsrael
51%
88kmLithuania
51%
169kmRepublic of Congo
47%
148kmSyria
36%
197kmRomania
22%
40kmPalestine
15%

Score Distribution

Percentile by Number Answered

Percent of People with Each Score

Your Score History

You have not taken this quiz since the last reset